000 00990nac a22002897a 4500
001 BR9100030
003 BR-BrBNA
005 20240105121130.0
008 230509b bl.|||m| |||| 00| 0 por d
040 _aBR-BrBNA
_bpor
_cBiblioteca Nacional de Agricultura
072 _aF30
090 _a1430 BR9100030
100 1 _aSoares, U.M.
100 1 _aGomes, E.R.
100 1 _aAraujo, J.P.P. de
100 1 _aWatt, E.E.
110 1 _aEmpresa Maranhense de Pesquisa Agropecuaria, Sao Luis, MA (Brasil)
_94228
245 1 _aComportamento de cultivares e linhagens de feijao caupi (Vigna unguiculata (L.)Walp)na MRH 35, Maranhao
260 3 _aSao Luis, MA (Brasil):
_c1985.
300 _a4 p.
490 _aPesquisa em Andamento - Empresa Maranhense de Pesquisa Agropecuaria (Brazil)
_vno. 8
_xISSN 0101-6520
650 _aFEIJAO DE CORDA
650 _aCOMPORTAMENTO DE VARIEDADE
650 _aMARANHAO
909 _a202312
_bLúcia Elande
_c55
_dLúcia Elande
942 _2AGRIS
_n0
_cMS
999 _c283489
_d283489